LIBRARY & INFORMATION CENTRE, KCAET, TAVANUR

ONLINE PUBLIC ACCESS CATALOGUE (OPAC)

Irrigation of field crops principles and practices / (Record no. 2789)

MARC details
000 -LEADER
fixed length control field 00480cam a2200181ua 4500
041 ## - LANGUAGE CODE
Language code of text/sound track or separate title eng
082 ## - DEWEY DECIMAL CLASSIFICATION NUMBER
Classification number 631.587
Item number PRI/IR
100 ## - MAIN ENTRY--AUTHOR NAME
Personal name Prihar , S.S .
245 ## - TITLE STATEMENT
Title Irrigation of field crops principles and practices /
260 ## - PUBLICATION, DISTRIBUTION, ETC. (IMPRINT)
Place of publication :
Name of publisher Indian camal of agriculture resarch ,
Year of publication 1987.
300 ## - PHYSICAL DESCRIPTION
Number of Pages 142 ; .
700 1# - ADDED ENTRY--PERSONAL NAME
Personal name Sandhu , B.S .
942 ## - ADDED ENTRY ELEMENTS (KOHA)
Koha item type Books
Holdings
Withdrawn status Lost status Damaged status Home library Current library Date acquired Full call number Accession Number Koha item type
      KAUAET KAUAET 07/04/2012 631.587 19538 Books
free website counter